Vedecká a odborná činnosť študentov na odbore žurnalistiky

Podrobná bibliografia
Hlavný autor: Konečná, Vlasta, 1953- (Autor)
Médium: Článok
Jazyk:slovenčina
Fyzický popis:Lit. 10 zázn. v slov., češ.
Predmet:

MARC

LEADER 00000nab a2200000 a 4500
001 vtls000391669
003 SK-MaSNL
005 20260305010439.0
008 230223c1990 xo 0 slo
015 |a SNBRB19rr/mm-uuuuu 
035 |a CL0391793 
035 |a urn:nbn:sk:snk-ab9a1 
035 |a (urnnbn)urn:nbn:sk:snk:ar-a03w6l 
035 |a (uuid)03b91dca-1d7c-4c28-86db-1912af6b585a 
040 |a SNKBUCL  |b slo  |c SNKBUCL  |e AACR2 
041 0 |a slo 
044 |a xo  |c SK 
080 |a 378.18:07  |2 1981 
080 |a 07  |2 1981 
080 |a 37  |2 1981 
080 |a 378.4.096  |2 1981 
080 |a 1  |2 1981 
100 1 |a Konečná, Vlasta,  |d 1953-  |4 aut  |9 115221 
245 1 0 |a Vedecká a odborná činnosť študentov na odbore žurnalistiky  |c Vlasta Konečná 
300 |b Lit. 10 zázn. v slov., češ. 
610 2 7 |a Univerzita Komenského v Bratislave.  |b Filozofická fakulta  |2 SNKKA 
650 0 7 |a žurnalistika  |2 SNKPH  |9 951 
650 0 7 |a študentská vedecká a odborná činnosť  |2 SNKPH  |9 22357 
655 7 |a články z novín a časopisov  |2 SNK  |9 267496 
773 0 |t Otázky žurnalistiky  |g Roč. 33, č. 1-2 (1990), s. 75-80 
850 |a Slovenská národná knižnica v Martine  |a MTA001 
852 |a SNK  |b KIS3GCP 
954 |a odborná, vedecká literatúra pôvodná (slovenská)  |2 lita 
958 |a NB 
958 |a RK 
958 |a OND 
958 |a EUIPO 
958 |a article27 
992 |a RBX 
999 |c 3246752  |d 3248682